[Event "8th Llucmajor Open 2019"]
[Site "S'Arenal de Llucmajor"]
[Date "2019.05.22"]
[Round "4.1"]
[White "Zubov, Alexander"]
[Black "Arizmendi Martinez, Julen Luis"]
[Result "1-0"]
[WhiteElo "2597"]
[BlackElo "2511"]
[Annotator "TA"]
[PlyCount "55"]
[EventDate "2019.05.19"]
[EventType "swiss"]
[EventCountry "ESP"]
[SourceTitle "playchess.com"]
[Source "ChessBase"]
[SourceQuality "1"]

{[%evp 11,131,25,14,20,51,7,0,-19,-24,-27,2,-2,-1,-8,60,54,82,104,165,170,186,186,190,185,189,191,182,183,183,183,188,179,194,181,183,180,178,170,184,184,186,184,183,181,187,179,179,179,179,183,192,163,153,153,151,151,151,132,151,153,153,131,177,177,178,178,181,147,198,185,198,199,237,237,346,346,391,391,391,357,381,369,337,321,639,537,779,759,815,775,1195,980,5840,5620,5402,4714,935,865,687,680,656,582,560,487,617,590,779,945,914,1009,814,747,747,747,2753,2181,1939,1889,29979,29980,29978,29979]} 1. e4 e6 2. d4 d5 3. Nd2 Be7 4. Bd3 c5 5. dxc5 Nf6 6. Qe2 O-O 7. Ngf3 {C03: French Tarrasch: Unusual Black 3rd moves} a5 8. a3 (8. O-O Na6 9. e5 Nd7 10. c4 Ndxc5 11. Bb1 d4 12. Rd1 d3 13. Qe3 b6 14. Ne1 Bb7 15. Nxd3 {½-½ (57) Liang,A (2552)-So,W (2786) Saint Louis 2018}) 8... Nfd7 9. Nb3 {The position is equal.} a4 10. Nbd4 Nc6 $146 ({Predecessor:} 10... e5 11. Nf5 d4 12. g4 Nc6 13. Bb5 Nxc5 14. Kf1 Bxf5 15. gxf5 {½-½ (77) Deac,B (2578)-Orosz,A (2324) Budapest 2018}) 11. O-O Nxd4 12. Nxd4 dxe4 (12... Nxc5 $11 13. Rd1 dxe4 14. Bxe4 Nxe4 15. Qxe4 Ra5) 13. Qxe4 $14 {[%csl Gd3][%cal Re4h7]} g6 14. Bh6 $36 {[%mdl 2048] White is really pushing.} Bf6 (14... Nxc5 $16 15. Qe3 (15. Qe5 f6 $14) 15... Re8) 15. Bxf8 $18 Kxf8 16. Nb5 Nxc5 17. Qb4 Qe7 18. Be2 Bd7 19. Rad1 {Threatens to win with Nd6.} Bc6 20. Nd4 Be8 21. Bb5 Nd7 22. Qxe7+ Kxe7 23. c3 Ra5 24. Be2 Nc5 25. Rfe1 h5 26. Nc2 Bc6 27. Nb4 Ra8 28. Nd3 {Played: Be2-b5} 1-0

[Event "8th Llucmajor Open 2019"]
[Site "S'Arenal de Llucmajor"]
[Date "2019.05.21"]
[Round "4.2"]
[White "Fier, Alexandr"]
[Black "Alvarado Diaz, Alejandro"]
[Result "1/2-1/2"]
[WhiteElo "2555"]
[BlackElo "2380"]
[Annotator "TA"]
[PlyCount "134"]
[EventDate "2019.05.19"]
[EventType "swiss"]
[EventCountry "ESP"]
[SourceTitle "playchess.com"]
[Source "ChessBase"]
[SourceQuality "1"]

{[%evp 17,134,0,16,8,20,28,29,0,0,0,0,0,0,0,0,0,19,18,17,0,0,0,0,0,0,0,0,0,15,0,32,0,0,0,9,16,17,17,17,10,17,17,17,39,20,22,106,8,12,8,8,11,11,11,11,11,14,14,14,14,21,20,125,95,136,0,0,0,0,0,0,0,0,0,0,0,0,0,0,0,0,0,0,0,47,47,40,40,40,40,67,67,68,68,68,68,68,62,62,52,68,35,68,9,22,0,3,0,0,0,12,12,12,12,12,0,12,12,12]} 1. c4 e6 2. Nf3 Nf6 3. g3 d5 4. Bg2 Be7 5. O-O O-O 6. b3 c5 7. Bb2 Nc6 8. e3 dxc4 9. bxc4 Qb6 10. Qc2 {A14: English Opening: 1...e6 with b3 by White} Nb4 11. Qb3 Bd7 $146 ({Predecessor:} 11... Rd8 12. d4 Bd7 13. Rd1 Nc6 14. Nbd2 Rac8 15. Rab1 Qa6 16. Bc3 Nb4 17. dxc5 Nc6 18. Qxb7 Qxa2 {1-0 (31) Cuenca Jimenez,J (2541)-Alvarado Diaz,A (2441) Linares 2016}) 12. Ne5 {White has an edge.} Rfd8 13. d4 Bc6 14. Nxc6 Nxc6 15. dxc5 Bxc5 16. Nc3 Be7 17. Na4 Qc7 18. c5 Rd7 19. Rfd1 Rad8 20. Rxd7 Rxd7 21. Rc1 h5 22. h3 Ne8 23. Qc4 Bf6 24. Bxf6 Nxf6 25. Rb1 Nd5 26. Nc3 Nxc3 27. Qxc3 Qd8 28. Bf3 h4 29. g4 Qf6 30. Qxf6 gxf6 $11 {[%mdl 4096] Endgame KRB-KRN} 31. Kf1 Rc7 (31... Nd8 $11) 32. Be4 (32. Bxc6 $1 $16 bxc6 33. Ke2) 32... a6 33. Rb2 Kf8 34. Ke2 Nd8 35. Rc2 e5 36. Kd3 Ne6 37. c6 bxc6 38. Rxc6 Rd7+ 39. Ke2 Kg7 (39... a5 $11 {keeps the balance.}) 40. Bf5 Rb7 41. Rxa6 (41. Bxe6 $16 fxe6 42. Rxa6) 41... Ng5 42. Kf1 Nxh3 43. Kg2 Ng5 44. a4 h3+ 45. Kg3 e4 46. Rc6 $1 {[%cal Rc6c1]} Rb1 47. Kh2 Rb2 (47... Rf1 $5 48. Rc2 $8 Ra1 $11) 48. Kg3 Rb1 {[#] ( -> ...Rg1+)} 49. Kh2 Rb2 (49... Rf1 $5 50. Rc2 $8 Ra1 $11) 50. Kg3 h2 (50... Rb1 $5 51. Kh2 $8 $11) 51. Rc1 Ra2 52. Rh1 Rxa4 53. Kxh2 Rb4 54. Kg3 Ra4 55. Rd1 Ra8 56. Rd4 Re8 57. Bd7 Re7 58. Rd5 Kg6 59. Kg2 Kh6 60. Kf1 ({White should try} 60. Bf5 $14) 60... Nf3 {The position is equal.} 61. Ke2 Re5 62. Bc6 (62. Rxe5 {feels hotter.} fxe5 63. Be8 Kg7 64. Bc6 Nh2 65. Bxe4 Nxg4 66. f4) 62... Rxd5 63. Bxd5 Ne5 64. Bxe4 {Bf5 is the strong threat.} Nxg4 65. f4 Kg7 66. Kd3 Nh6 67. Kd4 f5 {Accuracy: White = 65%, Black = 62%.} 1/2-1/2

[Event "8th Llucmajor Open 2019"]
[Site "S'Arenal de Llucmajor"]
[Date "2019.05.21"]
[Round "4.3"]
[White "Herrera Reyes, Jose Antonio"]
[Black "Rasmussen, Allan Stig"]
[Result "0-1"]
[WhiteElo "2366"]
[BlackElo "2552"]
[Annotator "TA"]
[PlyCount "62"]
[EventDate "2019.05.19"]
[EventType "swiss"]
[EventCountry "ESP"]
[SourceTitle "playchess.com"]
[Source "ChessBase"]
[SourceQuality "1"]

{[%evp 9,62,3,12,-5,5,-33,-21,-53,-45,-37,-17,-56,-55,-50,-56,-78,0,0,0,0,0,-27,148,140,137,116,115,56,115,126,125,120,123,63,63,63,77,0,-7,-11,0,-141,-136,-139,-136,-529,-519,-519,-501,-802,-821,-908,-860,-1283,-1260]} 1. Nf3 f5 2. b3 d6 3. Bb2 e5 4. e3 Nf6 5. c4 g6 6. d3 {A04: Unusual lines after 1 Nf3 and King's Indian Attack} (6. Be2 Bg7 7. O-O O-O 8. Nc3 Nc6 9. d4 e4 10. Ne1 Ne7 {0-1 (21) So,W (2815)-Carlsen,M (2832) chess.com INT 2017}) 6... Nbd7 $146 ({Predecessor:} 6... Bg7 7. Nc3 Be6 8. Ng5 Qd7 9. Nxe6 Qxe6 10. Be2 c6 11. Qd2 Nbd7 12. O-O O-O 13. Rad1 Rad8 {½-½ (13) Torok,T (2073)-Zoltan,A (2055) Budapest 2007}) 7. Nbd2 Bh6 8. h4 {The position is equal.} Qe7 9. Be2 a5 10. a3 b6 11. Ng5 Bb7 12. Bf3 d5 (12... Bxf3 $17 13. Ngxf3 O-O) 13. cxd5 Nxd5 14. Qc2 O-O-O 15. Nc4 {Black must now prevent Nf7!} Bg7 $2 {[#]} (15... Kb8 $11) 16. Nf7 $1 $16 {[%mdl 512]} Nc5 (16... Qxf7 $2 17. Nd6+ Kb8 18. Nxf7 $18) 17. Nxd8 Rxd8 18. O-O-O ({White should play} 18. Rd1 $16) 18... a4 (18... e4 $1 $14 19. dxe4 {[%mdl 64] Discovered Attack} fxe4) 19. b4 (19. bxa4 Bc6 $15) 19... Nb3+ 20. Kb1 {Strongly threatening Bxd5.} Kb8 21. d4 (21. Nd2 $16) 21... e4 $14 22. Be2 f4 23. exf4 (23. h5 $1 $16) 23... Nxf4 $11 {[%cal Rg7d4]} 24. Ne5 e3 {And now ...Bxe5 would win.} 25. Ba6 {[#]} (25. fxe3 Nxe2 26. Qxe2 Bxe5 $19) (25. Bf3 $1 $11 {was the only way to keep the balance.} Bxe5 26. fxe3 (26. dxe5 Nd2+ 27. Ka1 Nb3+ 28. Ka2 Bxf3 $11) 26... Bxf3 27. gxf3) 25... Bxe5 $1 $17 26. Bxb7 {[#]} e2 $1 $36 {[%cal Re2d1][%mdl 2048] Black is in control.} 27. dxe5 $4 {[%mdl 8192]} (27. Be4 $17 {is tougher.} exd1=B 28. Rxd1) 27... exd1=Q+ {Black is clearly winning.} 28. Rxd1 {aiming for Bc6.} Kxb7 ({Not} 28... Rxd1+ 29. Qxd1 Kxb7 30. Qf3+ Kb8 31. Qxf4 $11) 29. Qe4+ (29. g3 $142 Nd5 30. Qe4) 29... Kb8 $19 30. Rxd8+ Qxd8 31. Qxf4 Qd3+ {Accuracy: White = 24%, Black = 43%.} 0-1

[Event "8th Llucmajor Open 2019"]
[Site "S'Arenal de Llucmajor"]
[Date "2019.05.21"]
[Round "4.4"]
[White "Andreev, Eduard"]
[Black "Petrov, Nikita"]
[Result "1/2-1/2"]
[WhiteElo "2433"]
[BlackElo "2610"]
[Annotator "TA"]
[PlyCount "56"]
[EventDate "2019.05.19"]
[EventType "swiss"]
[EventCountry "ESP"]
[SourceTitle "playchess.com"]
[Source "ChessBase"]
[SourceQuality "1"]

{[%evp 11,56,22,19,13,20,12,14,17,11,6,38,16,22,11,22,3,9,20,14,-24,-7,-14,0,-3,27,-18,-25,-5,-38,-85,0,0,0,0,0,-278,0,0,556,582,545,0,0,0,537,0,0]} 1. e4 c5 2. Nf3 Nc6 3. Bb5 g6 4. Bxc6 bxc6 5. O-O Bg7 6. Re1 Nh6 7. h3 {B31: Sicilian: 2...Nc6 3 Bb5 g6} O-O 8. c3 f5 9. e5 Nf7 10. d3 h6 11. h4 e6 $146 ({Predecessor:} 11... d6 12. Bf4 g5 13. hxg5 hxg5 14. Nxg5 Nxg5 15. Bxg5 dxe5 {½-½ (37) Antipov,M (2529)-Sutovsky,E (2626) Jerusalem 2015}) 12. Be3 g5 {Strongly threatening ...g4.} 13. hxg5 hxg5 14. Bxc5 g4 15. Bxf8 Qxf8 16. Nh4 {Black must now prevent d4.} Qd8 $1 {[%cal Rd8h4]} 17. g3 $1 (17. Ng6 $2 Qg5 $19) 17... Nxe5 18. Nd2 Nxd3 19. Re3 $36 {[%mdl 2048] White is pushing.} Ba6 (19... Nxb2 $6 20. Qc2 $16) 20. Qb3 {[#]} f4 {[#]} (20... Rb8 $1 $17 {[%cal Rb8b3]} 21. Qa3 Qc8) 21. Rxe6 $1 $11 {[%mdl 512]} dxe6 22. Qxe6+ Kh8 23. Ng6+ Kh7 24. Ne7 {Intending Qg6+ and mate.} Qe8 $2 {[%mdl 8192]} (24... Kh8 $1 $11 {and Black stays safe.} 25. Ng6+ Kh7) 25. Qe4+ $18 {[%mdl 64] Double Attack} Kh6 {aiming for ...Bf6.} 26. Qe6+ $2 ({White has to play} 26. Qh1+ $18 Qh5 27. Qxc6+ {[%mdl 64] Double Attack} Kh7 28. Qe4+ {[%mdl 64] Double Attack} (28. Qxa6 Rd8 $11) 28... Kh6 29. Nf5+ Kh7 30. Nxg7+ (30. Qxa8 Qxf5 31. Qh1+ Kg8 $17) 30... Kxg7 31. Qxa8) 26... Kh7 $1 $11 27. Qe4+ $2 {[%mdl 8192]} (27. Qf5+ $11 Kh8 28. Qg5) 27... Kh6 $18 {...Bf6 is the strong threat.} 28. Qe6+ $2 (28. Qh1+ $18 Qh5 29. Qxc6+ {[%mdl 64] Double Attack} Kh7 30. Qe4+ (30. Qxa6 Rd8 $11) 30... Kh6 31. Nf5+ Kh7 32. Nxg7+ (32. Qxa8 Qxf5 33. gxf4 Qxf4 $17) 32... Kxg7 33. Qxa8) 28... Kh7 $1 {Accuracy: White = 54%, Black = 76%.} 1/2-1/2

[Event "8th Llucmajor Open 2019"]
[Site "S'Arenal de Llucmajor"]
[Date "2019.05.21"]
[Round "4.5"]
[White "Sumets, Andrey"]
[Black "Zagorskis, Darius"]
[Result "1-0"]
[WhiteElo "2585"]
[BlackElo "2427"]
[Annotator "TA"]
[PlyCount "61"]
[EventDate "2019.05.19"]
[EventType "swiss"]
[EventCountry "ESP"]
[SourceTitle "playchess.com"]
[Source "ChessBase"]
[SourceQuality "1"]

{[%evp 11,61,22,29,17,19,21,12,11,25,9,22,14,11,10,18,16,34,28,77,73,64,62,63,64,64,50,97,91,127,94,111,101,137,129,140,128,158,117,121,108,133,129,147,135,300,303,289,291,348,345,385,358]} 1. d4 Nf6 2. c4 e6 3. Nf3 Bb4+ 4. Nbd2 b6 5. e3 Bb7 6. Bd3 c5 7. dxc5 {E14: Queen's Indian: Classical Variation (4 e3)} Bxc5 8. O-O Nc6 9. b3 {The position is equal.} O-O 10. Bb2 d5 11. Qe2 dxc4 12. Nxc4 Qe7 13. a3 $146 ({Predecessor:} 13. Ng5 Rfd8 14. Bxf6 Qxf6 15. Bxh7+ Kf8 16. Ne4 {0-1 (39) Wojtaszek,R (2749)-Ganguly,S (2668) Doha 2016}) 13... a5 14. Ng5 {[#] aiming for Bxf6.} g6 15. Bxf6 Qxf6 16. Ne4 $36 {[%mdl 2048] White has some pressure.} Qe7 17. Qb2 {Hoping for Nf6+.} f5 18. Nxc5 bxc5 19. Rfd1 Rfd8 20. Be2 Ba6 21. h3 Rxd1+ 22. Rxd1 Rd8 {[#]} 23. Rc1 $1 Rb8 24. Qc3 Qg7 25. Qc2 Qc7 26. Bf3 Nd8 27. Qc3 Bb7 $2 (27... Bxc4 $16 28. Qxc4 Qe5) 28. Nxa5 $18 Bxf3 29. gxf3 Nb7 30. Nxb7 Qxb7 31. Qxc5 {Accuracy: White = 81%, Black = 37%.} 1-0

[Event "8th Llucmajor Open 2019"]
[Site "S'Arenal de Llucmajor"]
[Date "2019.05.21"]
[Round "4.6"]
[White "Alonso Bouza, Julio Javier"]
[Black "Bernadskiy, Vitaliy"]
[Result "0-1"]
[WhiteElo "2404"]
[BlackElo "2572"]
[Annotator "TA"]
[PlyCount "50"]
[EventDate "2019.05.19"]
[EventType "swiss"]
[EventCountry "ESP"]
[SourceTitle "playchess.com"]
[Source "ChessBase"]
[SourceQuality "1"]

{[%evp 19,50,24,64,-31,-20,-14,-22,-29,-29,-52,-57,-122,-130,-127,-118,-209,-209,-306,-297,-594,-593,-542,-387,-395,-319,-340,-333,-333,-325,-29983,-29984,-29992,-29993]} 1. e4 c5 2. Nf3 Nc6 3. d4 cxd4 4. Nxd4 Nf6 5. Nc3 d6 6. Bg5 e6 7. Qd2 a6 8. O-O-O Bd7 9. f4 Be7 10. Be2 Qc7 11. g4 {B68: Sicilian: Richter-Rauzer: 7...a6 8 0-0-0 Bd7 9 f4 Be7} (11. Nb3 $14) (11. Nb3 b5 12. Bxf6 gxf6 13. Bh5 b4 14. Ne2 a5 15. Nbd4 Nxd4 16. Nxd4 a4 17. f5 b3 18. a3 e5 19. Ne6 {1-0 (27) Kurnosov,I (2666)-Boros,D (2494) Austria 2009}) 11... h6 $15 12. Bxf6 Bxf6 13. Nb3 {The position is equal.} g5 14. e5 dxe5 15. Ne4 $146 (15. Nc5 $15 Rd8 16. Nxd7 Rxd7 17. Qxd7+ Qxd7 18. Rxd7 Kxd7 19. f5) ({Predecessor:} 15. f5 O-O-O 16. Ne4 Be7 17. f6 Bf8 18. Qe3 Nb4 {½-½ (49) Lapiken,P-Rossolimo,N Long Beach 1955}) 15... Be7 $17 16. fxg5 hxg5 17. Nxg5 {[#]} (17. Kb1 $17 {might work better.}) 17... Nb4 $1 $19 {[%cal Bc6b4,Bb4a2,Ba2c3][%mdl 32] Threatens to win with ...Bxg5.} ({Not} 17... Bxg5 18. Qxg5 Nb4 19. Rd2 $11) 18. c3 (18. Kb1 $142 Bxg5 19. Qxb4) 18... Rd8 19. Rhf1 $2 (19. Qe3 Nd5 20. Rxd5 exd5 21. h4) 19... Ba4 20. Qe3 {Threatening Rxd8+.} Nxa2+ 21. Kb1 Bxb3 22. Rxd8+ Qxd8 ({Don't take} 22... Bxd8 23. Nxf7 Rxh2 24. Qd2 $19) 23. Nxf7 {[#]} Qa5 $1 {[%cal Ra5a4]} 24. c4 $2 {[#]} (24. Qxe5 $19 Qxe5 25. Nxe5) 24... Qa4 $1 {[%mdl 512]} 25. Bd3 {[#]} Nc3+ $1 {[%mdl 512] Accuracy: White =  6%, Black = 94%.} 0-1

[Event "8th Llucmajor Open 2019"]
[Site "S'Arenal de Llucmajor"]
[Date "2019.05.22"]
[Round "4.7"]
[White "Karpatchev, Aleksandr"]
[Black "Nasuta, Grzegorz"]
[Result "0-1"]
[WhiteElo "2423"]
[BlackElo "2518"]
[Annotator "TA"]
[PlyCount "156"]
[EventDate "2019.05.19"]
[EventType "swiss"]
[EventCountry "ESP"]
[SourceTitle "playchess.com"]
[Source "ChessBase"]
[SourceQuality "1"]

{[%evp 16,156,20,18,18,10,23,18,8,-7,0,0,10,-17,-11,-17,-11,-12,-18,-14,-2,-3,0,-9,0,0,0,0,0,0,0,0,0,0,0,0,0,0,0,0,0,-16,-10,-15,0,-18,0,0,0,-3,0,-10,-7,-10,0,0,0,0,0,0,0,-8,0,0,0,-8,0,-62,-74,-87,-39,-38,-36,-82,-85,-151,-122,-220,-218,-214,-210,-239,-225,-231,-224,-750,-750,-735,-722,-722,-730,-707,-652,-547,-514,-735,-735,-735,-729,-722,-567,-727,-645,-1025,-867,-1003,-919,-609,-580,-29949,-29952,-29958,-29967,-29965,-29962,-29971,-12848,-29982,-29980,-29981,-29982,-29982,-29983,-29984,-29985,-29985,-29985,-29985,-29986,-29986,-29981,-29987,-29987,-29987,-29986,-29987,-29988,-29991,-29985,-29976,-29975,-29987,-4694]} 1. e4 c5 2. c3 Nf6 3. e5 Nd5 4. d4 cxd4 5. cxd4 d6 6. Bc4 Nb6 7. Bb5+ Nc6 8. Nf3 Bd7 9. Nc3 dxe5 {B22: Sicilian: 2 c3} 10. dxe5 g6 11. O-O Bg7 {The position is equal.} 12. Bf4 O-O 13. Qe2 Bg4 {[#]} 14. Rfd1 $146 (14. Bxc6 $5 bxc6 15. h3 Bxf3 16. Qxf3 $11) ({Predecessor:} 14. Bxc6 bxc6 15. h3 Be6 16. Rfd1 Nd5 17. Bg3 Nxc3 18. bxc3 {½-½ (33) Karacsony,Z (2590)-Krivic,D (2602) ICCF email 2006}) 14... Qc8 15. Rac1 Qf5 16. Bxc6 bxc6 17. Qe4 Bxf3 18. gxf3 Rfd8 19. b3 Nd7 {[%cal Rd7e5]} 20. e6 Nc5 21. Rxd8+ Rxd8 22. Qxf5 gxf5 23. exf7+ Kxf7 {Threatens to win with ...Nd3.} 24. Ne2 Nd3 25. Rxc6 Ne1 26. Rc1 Nxf3+ 27. Kg2 Nh4+ 28. Kf1 Bb2 29. Rb1 Bf6 30. Rc1 Rd7 31. Be3 e5 32. f4 Ng6 33. fxe5 Bxe5 34. Rc5 Ke6 35. Ra5 f4 36. Bxa7 f3 37. Ng1 Nh4 38. Be3 Ng2 39. Ba7 Nh4 40. Be3 Rd3 41. Kf2 {[#]} ({White should play} 41. Ra4 $11) 41... Rxe3 $1 $15 {[%mdl 512]} 42. Ra6+ (42. Kxe3 $2 {loses.} Bd4+ $1 {[%mdl 512]} 43. Ke4 (43. Kxd4 $2 f2 $19) 43... f2 $19) 42... Kd7 43. Ra4 (43. Kxe3 $2 {perishes.} Bd4+ $1 {[%mdl 512]} 44. Kxd4 f2 $19) 43... Nf5 44. Nxf3 {[#]} Bc7 $1 {[%cal Rc7b6] Strongly threatening ...Bb6.} 45. Ra6 (45. Rd4+ $142 Kc6 46. Rc4+ Kb6 47. Rb4+ Ka6 48. Nd4) 45... Rc3 {And now ...Rc2+ would win.} 46. Ng5 (46. Ke2 $17) 46... Rc2+ $19 47. Kf3 Rxh2 48. b4 Nd4+ 49. Ke4 Rh4+ 50. Kd5 $2 (50. Kd3) 50... Nc2 51. Rf6 Nxb4+ 52. Kc5 Nd3+ 53. Kd5 Rh5 54. Rf7+ Kc8 55. Kd4 Rxg5 56. Kxd3 {[%mdl 4096] Endgame KRB-KR} h5 57. Rh7 Kb7 58. Ke4 Ra5 59. Kf3 Kc6 60. a4 Bd8 61. Rh6+ Kd7 62. Kg2 h4 63. Rh7+ Ke6 64. Rb7 Rxa4 65. Rb5 Ra2+ (65... Ra3 $142 66. Rh5 Rg3+ 67. Kf2 Bg5 68. Ke2 Kf5 69. Kf1 Kg4 70. Rh7 h3 71. Ke2 Rg2+ 72. Kd3 h2 73. Kc3 Bh4 74. Rg7+ Kh3 75. Rd7 h1=Q 76. Rd3+ Bg3 77. Kb3 Qe1 78. Ka3 Rc2 79. Kb3 Qb1+ 80. Ka4 Ra2+ {[%mdl 64] Discovered Attack} 81. Ra3 Rxa3+ 82. Kxa3 Bd6+ 83. Ka4 Qb4#) 66. Kh1 Bf6 {Black mates.} 67. Rh5 Kf7 68. Rb5 Kg6 69. Rd5 Bg5 70. Rb5 Kh5 71. Rb4 Bd2 72. Rc4 Kg5 73. Rd4 Bf4 74. Rd1 Rh2+ 75. Kg1 Kg4 76. Rb1 Kh3 77. Rb3+ {[#]} Bg3 $1 78. Rb1 Bf2+ {Accuracy: White = 49%, Black = 71%.} 0-1

[Event "8th Llucmajor Open 2019"]
[Site "S'Arenal de Llucmajor"]
[Date "2019.05.22"]
[Round "5.1"]
[White "Rasmussen, Allan Stig"]
[Black "Zubov, Alexander"]
[Result "1-0"]
[WhiteElo "2552"]
[BlackElo "2597"]
[Annotator "TA"]
[PlyCount "88"]
[EventDate "2019.05.19"]
[EventType "swiss"]
[EventCountry "ESP"]
[SourceTitle "playchess.com"]
[Source "ChessBase"]
[SourceQuality "1"]

{[%evp 19,88,29,35,0,21,0,0,0,0,0,0,0,7,0,9,16,7,8,11,24,106,108,105,105,114,107,115,99,115,107,107,114,156,148,144,142,233,226,258,261,260,260,241,258,258,240,262,249,251,241,258,250,245,0,220,208,214,218,477,445,543,515,476,464,774,774,727,706,881,868,815]} 1. d4 Nf6 2. c4 e6 3. Nf3 d5 4. Nc3 Be7 5. Bg5 h6 6. Bh4 O-O 7. e3 Nbd7 8. Rc1 dxc4 9. Bxc4 c5 10. O-O a6 11. dxc5 {D63: Queen's Gambit Declined: Classical: 7 Rc1} Nxc5 12. b4 (12. Be2 b5 13. b4 Qxd1 14. Rfxd1 Ncd7 15. a3 g5 16. Bg3 {½-½ (102) Harikrishna,P (2758)-Yu,Y (2750) Shenzhen 2017}) 12... Ncd7 13. b5 $146 {The position is equal.} ({Predecessor:} 13. Qb3 b5 14. Be2 Bb7 15. Rfd1 Nd5 16. Bxe7 Qxe7 17. Nxd5 Bxd5 18. Qb2 Nb6 19. a3 Qb7 20. Qe5 Rac8 21. Nd4 Rxc1 22. Rxc1 Rc8 23. Rxc8+ Qxc8 24. h4 Nd7 {½-½ (24) Baikov,V (2335)-Makarov,M (2480) Moscow 1991}) 13... Nb6 14. Bb3 axb5 15. Nxb5 Bd7 16. Nbd4 Nh5 17. Bxe7 Qxe7 18. Ne5 Nf6 $1 19. Rc7 $36 {[%mdl 2048] White fights for an advantage.} Qd6 (19... Rab8 $11) 20. Nxd7 $16 ({And not} 20. Rxb7 Bc8 $17) 20... Qxc7 21. Nxf8 Rxf8 {[#]} 22. Bxe6 $1 {[%mdl 512]} fxe6 23. Nxe6 {[%mdl 64] Double Attack} Qc6 24. Nxf8 Kxf8 25. Qc1 Qe6 26. Qa3+ Kg8 27. Rb1 Kh8 {[#]} (27... Nc4 $16 28. Qd3 Nd6) 28. Qb3 $1 $18 {[%cal Rb3e6]} Nbd5 29. Qxb7 Nc3 30. Qb8+ Kh7 31. Qb3 Qxb3 32. Rxb3 Nxa2 33. f3 Nd7 34. Kf1 Nc5 35. Rb5 Nd3 36. Rb3 Nc5 $1 {[%cal Rc5b3]} 37. Rb2 Nc1 38. Rc2 N1b3 $2 (38... N5d3 {was worth a try.} 39. Rc3 Kg6) 39. Rc3 {White is clearly winning.} Kg6 40. Ke1 Kf6 41. Kd1 Ke6 (41... Ke5 $142 42. Kc2 h5 43. Rxb3 Nxb3 44. Kxb3 h4) 42. Kc2 Na1+ 43. Kb1 Nab3 44. Kb2 Kd5 {Accuracy: White = 87%, Black = 32%.} 1-0

[Event "8th Llucmajor Open 2019"]
[Site "S'Arenal de Llucmajor"]
[Date "2019.05.23"]
[Round "5.2"]
[White "Alvarado Diaz, Alejandro"]
[Black "Sumets, Andrey"]
[Result "1/2-1/2"]
[WhiteElo "2380"]
[BlackElo "2585"]
[Annotator "TA"]
[PlyCount "128"]
[EventDate "2019.05.19"]
[EventType "swiss"]
[EventCountry "ESP"]
[SourceTitle "playchess.com"]
[Source "ChessBase"]
[SourceQuality "1"]

{[%evp 9,128,22,25,14,29,31,31,20,26,0,23,25,41,14,17,16,60,8,60,27,46,7,64,62,61,54,275,251,298,287,245,109,140,81,86,85,78,20,109,109,109,109,109,109,110,102,106,107,104,109,107,97,113,115,114,118,114,104,123,119,175,175,175,175,162,166,149,159,306,306,297,285,264,59,64,59,80,43,43,43,43,43,43,43,43,43,87,43,43,43,43,43,43,20,20,20,20,20,20,20,20,20,20,0,0,0,20,20,20,20,20,20,20,12,20,0,0,0,0,0,0]} 1. Nf3 c5 2. e3 g6 3. d4 cxd4 4. exd4 Nf6 5. Bd3 Nc6 6. O-O {A46: 1 d4 Nf6 2 Nf3 e6: Torre, London and Colle Systems} Bg7 7. Re1 O-O 8. c3 {White is slightly better.} (8. h3 d5 9. c3 Qc7 10. Na3 a6 11. Nc2 Nh5 12. Be3 Na5 13. Qc1 Re8 14. Ne5 Nc6 15. Ng4 Bxg4 16. hxg4 Nf6 17. f3 e5 {1-0 (38) Shabalov,A (2522)-Salem,A (2624) Berlin 2015}) 8... d6 9. Bg5 Re8 10. Nbd2 h6 11. Bxf6 Bxf6 12. Nc4 $146 {[%mdl 2048] White fights for an advantage.} ({Predecessor:} 12. Ne4 Bg7 13. Qe2 Bg4 14. h3 Bf5 15. g4 Bd7 {1-0 (33) Megassini,S (1611)-Palminteri,V (1859) Vanzaghello 2009}) 12... Bg7 13. a4 (13. d5 $14) 13... b6 ({Black should try} 13... Bg4 $11) 14. h4 e6 15. d5 Ne7 (15... exd5 $11 16. Rxe8+ Qxe8 17. Nxd6 Qe6 18. Nxc8 Rxc8) 16. dxe6 Bxe6 17. h5 g5 $2 {[#]} (17... Rc8 $14 18. Ne3 Rf8) 18. Nxd6 $1 $18 {[%mdl 512]} Rf8 ({But not} 18... Qxd6 $2 19. Bh7+ $1 {[%mdl 512]} Kxh7 20. Qxd6 $18) 19. Be4 Rb8 20. Nb5 (20. Bc2 $18 {aiming for Qd3.} g4 21. Ne5) 20... a6 21. Qxd8 (21. Nbd4 $142) 21... Rfxd8 $16 22. Nbd4 Bg4 23. Bc2 ({White should play} 23. Bd3 $16 Bxf3 24. Nxf3) 23... Kf8 (23... Rb7 $1 $11 {remains equal.}) 24. Ne5 $1 {[%cal Re5g4]} Bxe5 25. Rxe5 Bxh5 26. Rae1 Rb7 27. f4 Rd5 28. Rxd5 Nxd5 29. fxg5 hxg5 30. Re5 Nf4 31. g3 Ne6 32. Nxe6+ fxe6 33. Rxg5 {[%mdl 4096] Endgame KRB-KRB} Be8 34. Kf2 Bc6 (34... a5 $16 35. Re5 Ke7) 35. Ke3 $18 Rf7 {[#]} 36. a5 $1 bxa5 37. Rxa5 Rf3+ 38. Kd4 Rf2 (38... Rxg3 $16 39. Rxa6 Bd5) 39. Rxa6 Bd5 40. Be4 Rd2+ {[#]} 41. Ke3 $2 (41. Bd3 $1 $18) 41... Rxb2 $14 42. Bxd5 exd5 {KR-KR} 43. Rd6 Rc2 44. Kd3 Rg2 45. Rxd5 Rxg3+ 46. Kd4 Ke7 $1 47. c4 {Hoping for Kc5.} Rg8 $1 48. Kc5 {Black must now prevent Kb6.} Rc8+ 49. Kb5 {Rd4 is the strong threat.} Rb8+ 50. Ka6 Ke6 51. Rb5 (51. Rd1 {is more complex.} Rc8 52. Kb5 Rb8+ 53. Ka4 Ra8+ 54. Kb3) 51... Rc8 {The position is equal.} 52. Rb6+ Kd7 53. Kb5 Rh8 54. c5 Kc7 55. Rc6+ Kb7 56. Rb6+ Kc7 57. Rc6+ Kb7 58. Rg6 Rh7 59. Rb6+ Kc7 60. Ra6 {White threatens Ra7+ and mate.} Kb8 61. Ra1 Rh6 62. Ra6 Rxa6 63. Kxa6 {Threatening mate with Kb6.} Kc7 64. c6 Kxc6 {Accuracy: White = 51%, Black = 61%.} 1/2-1/2